Education psychology (Record no. 156024)

MARC details
000 -LEADER
fixed length control field 00467nam a22001697a 4500
005 - DATE AND TIME OF LATEST TRANSACTION
control field 20180818133515.0
010 ## - LCCN (DPL NO)
LC control number B-158666
035 ## - SYSTEM CONTROL NUMBER
System control number B-158666
037 ## - SOURCE OF ACQUISITION
Source of stock number/acquisition A P H Publishing Corporation
082 ## - DEWEY DECIMAL CLASSIFICATION NUMBER
Classification number 370.015
100 ## - MAIN ENTRY--PERSONAL NAME
Personal name Mahmud, Jafar
245 ## - TITLE STATEMENT
Title Education psychology
Statement of responsibility, etc Jafar Mahmud
260 ## - PUBLICATION, DISTRIBUTION, ETC. (IMPRINT)
Place of publication, distribution, etc New Delhi
Name of publisher, distributor, etc A P H Publishing Corporation
Date of publication, distribution, etc 2004
300 ## - PHYSICAL DESCRIPTION
Extent 249p.
Dimensions 22cm(hbk)
942 ## - ADDED ENTRY ELEMENTS (KOHA)
Source of classification or shelving scheme Dewey Decimal Classification
Item type English Books
Classification part 370.15
Call number suffix JAF
Holdings
Withdrawn status Lost status Not for loan Collection code Home library Current library Date acquired Full call number Barcode Koha item type
      Non-fiction Sarojini Nagar Sarojini Nagar 18/08/2018 370.15 JAF B-158666 English Books

© Delhi Public Library
Hit Counter
free hit counter